Modun và vành C2
Kiến thức chuẩn bị; Môđun và vành với điều kiện C2; Môđun C2 mạnh.
Salvato in:
| Autore principale: | |
|---|---|
| Altri autori: | |
| Natura: | Libro |
| Lingua: | Vietnamese |
| Pubblicazione: |
Đà Nẵng
Đại học Đà Nẵng
2014
|
| Soggetti: | |
| Tags: |
Aggiungi Tag
Nessun Tag, puoi essere il primo ad aggiungerne! !
|
| Thư viện lưu trữ: | Mạng thư viện Đại học Đà Nẵng |
|---|
| LEADER | 01544nam a2200373 4500 | ||
|---|---|---|---|
| 001 | 000019995 | ||
| 003 | 16436 | ||
| 005 | 20150309100335.0 | ||
| 008 | 141216s2014 viesd | ||
| 041 | |a vie | ||
| 082 | 1 | 4 | |a 512.42 |b NG-T |
| 100 | 1 | |a Nguyễn Phương Thảo | |
| 245 | 1 | |a Modun và vành C2 |c Nguyễn Phương Thảo ; Trương Công Quỳnh hướng dẫn. |k Luận văn Thạc sĩ | |
| 260 | |a Đà Nẵng |b Đại học Đà Nẵng |c 2014 | ||
| 300 | |a 49 tr., phụ lục 3 tr. |c 29 cm. |e Tóm tắt | ||
| 500 | |a Luận văn thạc sĩ Khoa học. Chuyên ngành: Phương pháp toán sơ cấp. Mã số: 60.46.40. | ||
| 520 | |a Kiến thức chuẩn bị; Môđun và vành với điều kiện C2; Môđun C2 mạnh. | ||
| 650 | 0 | 4 | |a Modun |v Luận văn tốt nghiệp |x Nghiên cứu |
| 650 | 0 | 4 | |a Vành C2 |v Luận văn tốt nghiệp |x Nghiên cứu |
| 650 | 0 | 4 | |a Môđun |v Luận văn tốt nghiệp |x Nghiên cứu |
| 653 | |a Modun | ||
| 653 | |a Toán học | ||
| 653 | |a Vành C2 | ||
| 700 | 1 | |a Trương Công Quỳnh |c TS. |e Hướng dẫn | |
| OWN | |a LSP | ||
| AVA | |a UDN50 |b LSP |d 512.42 NG-T |e available |t Error 5001 Not defined in file expand_doc_bib_avail. |f 1 |g 0 |h N |i 0 |k 1 | ||
| 999 | |a From the UDN01 | ||
| AVA | |a UDN50 |b LSP |d 512.42 NG-T |e available |t Error 5001 Not defined in file expand_doc_bib_avail. |f 1 |g 0 |h N |i 0 |k 1 | ||
| TYP | |a Monograph | ||
| TYP | |a Printed language | ||
| 980 | |a Mạng thư viện Đại học Đà Nẵng | ||